| 000 | 00644nam a22002052 4500 | ||
|---|---|---|---|
| 001 | 0000005436 | ||
| 005 | 20151217160102.0 | ||
| 008 | 070614s xx 000 0 eng d | ||
| 040 |
_aKABU _cKABU |
||
| 050 | 0 |
_aGF724 _b.K36 |
|
| 100 | 1 |
_aKamau, Cephas C. _@0000156749 |
|
| 245 | 1 | 0 |
_aOur lives today : _bsocial studies: pupil's book 4 / _cCephas C. Kamau, Feliciana M. Rutere, Gideon M. Ombongi. |
| 260 |
_aOxford : _bOUP, _c2005. |
||
| 300 | _a243 p. | ||
| 700 | 1 |
_aRutere, Feliciana M. _@0000156750 |
|
| 700 | 1 |
_aOmbongi, Gideon M. _@0000156751 |
|
| 908 | _a070614 | ||
| 950 | _@1 | ||
| 999 |
_c14006 _d14006 |
||